<?xml version="1.0" encoding="UTF-8"?>
<record
    xmlns:xsi="http://www.w3.org/2001/XMLSchema-instance"
    xsi:schemaLocation="http://www.loc.gov/MARC21/slim http://www.loc.gov/standards/marcxml/schema/MARC21slim.xsd"
    xmlns="http://www.loc.gov/MARC21/slim">

  <leader>02216cas#a2200349#a#4500</leader>
  <controlfield tag="001">015290</controlfield>
  <controlfield tag="003">AR-BeUNQ</controlfield>
  <controlfield tag="005">20241206135819.0</controlfield>
  <controlfield tag="008">991005c1984####ve####p#############spa#d</controlfield>
  <datafield tag="022" ind1=" " ind2=" ">
    <subfield code="a">0251-3552</subfield>
  </datafield>
  <datafield tag="040" ind1=" " ind2=" ">
    <subfield code="a">AR-beUNQ</subfield>
    <subfield code="e">aacr</subfield>
    <subfield code="c">AR-BeUNQ</subfield>
  </datafield>
  <datafield tag="110" ind1="2" ind2=" ">
    <subfield code="a">Nueva sociedad</subfield>
  </datafield>
  <datafield tag="245" ind1="0" ind2="0">
    <subfield code="a">Nueva sociedad</subfield>
  </datafield>
  <datafield tag="260" ind1=" " ind2=" ">
    <subfield code="a">Buenos Aires :</subfield>
    <subfield code="b">Nueva sociedad,</subfield>
  </datafield>
  <datafield tag="300" ind1=" " ind2=" ">
    <subfield code="a"> v. </subfield>
  </datafield>
  <datafield tag="310" ind1=" " ind2=" ">
    <subfield code="a">bimestral</subfield>
  </datafield>
  <datafield tag="500" ind1=" " ind2=" ">
    <subfield code="a">"Nueva Sociedad 287. Am&#xE9;rica Latina en el mundo del coronavirus"</subfield>
  </datafield>
  <datafield tag="500" ind1=" " ind2=" ">
    <subfield code="a">Descripci&#xF3;n basada en: 2020 (287)</subfield>
  </datafield>
  <datafield tag="505" ind1="0" ind2=" ">
    <subfield code="a">Colombia y la crisis venezolana: una estrategia fallida / Sandra Borda G. -- &#xBF;Qu&#xE9; es y qu&#xE9; quiere el campo argentino? / Roy Hora -- "El de Putin es en esencia un proyecto conservador". Entrevista a Ily&#xE1; Budraitskis / Mart&#xED;n Ba&#xF1;a -- &#xBF;Podr&#xE1; reinvertarse el multilateralismo? El orden internacional y el coronavirus / M&#xF3;nica Hirst y Bernab&#xE9; Malacalza -- Brasil: pandemia, guerra cultural y precariedad. Entrevista a Lena Lavinas / Pablo Stefanoni -- Argentina, el virus y el presidente / Jos&#xE9; Natanson -- La pol&#xED;tica chilena en tiempos de pandemia. Entre la (des)movilizaci&#xF3;n social y la crisis sanitaria / Rossana Castiglioni -- El primer a&#xF1;o del M&#xE9;xico de AMLO / Humberto Beck, Carlos Bravo y Patrick Iber -- &#xBF;Qu&#xE9; significa el "giro a la derecha" uruguayo? / Rosario Queirolo -- Venezuela 2020: autoritarismo pol&#xED;tico y pragmatismo econ&#xF3;mico / Mar&#xED;a Pilar Garc&#xED;a-Guadilla -- Hondura en el abismo / Daniel V&#xE1;squez -- Ensayo: La Gran Reclusi&#xF3;n y el futuro del capitalismo / Ricardo Dudda.</subfield>
  </datafield>
  <datafield tag="530" ind1=" " ind2=" ">
    <subfield code="a">Tambien disponible en l&#xED;nea.</subfield>
    <subfield code="u">http://www.nuso.org/</subfield>
  </datafield>
  <datafield tag="650" ind1=" " ind2="7">
    <subfield code="a">Desarrollo econ&#xF3;mico</subfield>
    <subfield code="2">spines</subfield>
  </datafield>
  <datafield tag="650" ind1=" " ind2="7">
    <subfield code="a">Cambio sociocultural</subfield>
    <subfield code="2">spines</subfield>
  </datafield>
  <datafield tag="650" ind1=" " ind2="7">
    <subfield code="a">Ciencias Sociales</subfield>
    <subfield code="2">spines</subfield>
  </datafield>
  <datafield tag="651" ind1=" " ind2="7">
    <subfield code="a">Am&#xE9;rica latina</subfield>
    <subfield code="2">toit</subfield>
  </datafield>
  <datafield tag="856" ind1=" " ind2=" ">
    <subfield code="u">http://nuso.org/edicion-impresa/</subfield>
  </datafield>
  <datafield tag="929" ind1=" " ind2=" ">
    <subfield code="a">DONACION</subfield>
    <subfield code="b">Biblioteca Nacional</subfield>
    <subfield code="e">2022</subfield>
    <subfield code="f">PAT0080477</subfield>
    <subfield code="j">60671</subfield>
  </datafield>
  <datafield tag="929" ind1=" " ind2=" ">
    <subfield code="a">DONACION</subfield>
    <subfield code="b">Biblioteca Nacional</subfield>
    <subfield code="e">20220901</subfield>
    <subfield code="f">PAT0082134</subfield>
    <subfield code="j">60277</subfield>
  </datafield>
  <datafield tag="929" ind1=" " ind2=" ">
    <subfield code="a">DONACION</subfield>
    <subfield code="b">Biblioteca Nacional</subfield>
    <subfield code="e">20220901</subfield>
    <subfield code="f">PAT0082135</subfield>
    <subfield code="j">59761</subfield>
  </datafield>
  <datafield tag="929" ind1=" " ind2=" ">
    <subfield code="a">DONACION</subfield>
    <subfield code="b">Biblioteca Nacional</subfield>
    <subfield code="e">20220901</subfield>
    <subfield code="f">PAT0082136</subfield>
    <subfield code="j">59519</subfield>
  </datafield>
  <datafield tag="942" ind1=" " ind2=" ">
    <subfield code="c">REV</subfield>
    <subfield code="n">0</subfield>
    <subfield code="2">ddc</subfield>
  </datafield>
  <datafield tag="999" ind1=" " ind2=" ">
    <subfield code="c">912</subfield>
    <subfield code="d">912</subfield>
  </datafield>
  <datafield tag="952" ind1=" " ind2=" ">
    <subfield code="0">0</subfield>
    <subfield code="1">0</subfield>
    <subfield code="a">BIBESET</subfield>
    <subfield code="b">BIBESET</subfield>
    <subfield code="d">2023-09-29</subfield>
    <subfield code="l">0</subfield>
    <subfield code="p">60671</subfield>
    <subfield code="r">2023-09-29</subfield>
    <subfield code="w">2023-09-29</subfield>
    <subfield code="y">REV</subfield>
    <subfield code="k">GS</subfield>
  </datafield>
  <datafield tag="952" ind1=" " ind2=" ">
    <subfield code="0">0</subfield>
    <subfield code="1">0</subfield>
    <subfield code="a">BIBESET</subfield>
    <subfield code="b">BIBESET</subfield>
    <subfield code="d">2024-12-06</subfield>
    <subfield code="h">2021 (293)</subfield>
    <subfield code="l">0</subfield>
    <subfield code="p">59761</subfield>
    <subfield code="r">2024-12-06</subfield>
    <subfield code="w">2024-12-06</subfield>
    <subfield code="y">REV</subfield>
    <subfield code="k">KM</subfield>
  </datafield>
</record>
